000
00351nam a2200121Ia 4500
008
151001s9999||||xx |||||||||||||| ||und||
100
_a
मधुसूदन कालेलकर
245
_a
दिवा जळू दे सारी रात
250
_a
4
260
_b
रंजना प्रकाशन
300
_a
110
365
_b
18
999
_c
957526
_d
957523